Pozval jednou sledě sleď /

Main Author: Jílková, Eva, 1923-
Other Authors: Habr, Miroslav, 1929-
Language: Czech
Published: Praha : Panorama, 1980
Edition: 1. vyd.
Physical Description: 1 sv. : il.
Book
Saved in:
LEADER 00906nam a22002892a 4500
001 001151429
003 CZ BrMZK
005 20110902083809.0
007 ta
008 110527s1980 xr a er|||||||||||cze d
015 |a cnb000406110 
035 |a (OCoLC)42164437 
040 |a ABA001  |b cze  |c ABA001  |d ABA001  |d BOA001 
080 9 |a 885.0-93-1 
080 9 |a 084.1(02.053.2) 
100 1 |a Jílková, Eva,  |d 1923-  |7 jk01051716  |4 aut 
245 1 0 |a Pozval jednou sledě sleď /  |c napsala Eva Jílková ; nakreslil Miroslav Habr 
250 |a 1. vyd. 
260 |a Praha :  |b Panorama,  |c 1980  |e (Červený Kostelec :  |f SG) 
300 |a 1 sv. :  |b il. 
500 |a 15000 výt. 
500 |a Leporelo 
700 1 |a Habr, Miroslav,  |d 1929-  |7 jo2003197053  |4 ill 
910 |a BOA001  |b 2-0825.640 
990 |a BK 
991 |b 201105 
996 6 |b 2619412847  |c 2-0825.640  |l MZK  |r Sklad / do 1 hodiny  |n 1  |w 001184361  |u 000010  |a 1  |e BOA001  |j MZK50  |s P